Электроискровая очистка поверхности стали 08Г2С; Известия Томского политехнического университета [Известия ТПУ]; Т. 320, № 2 : Математика и механика. Физика
| Parent link: | Известия Томского политехнического университета [Известия ТПУ]/ Томский политехнический университет (ТПУ).— , 2000- Т. 320, № 2 : Математика и механика. Физика.— 2012.— [С. 63-67] |
|---|---|
| Altri autori: | , , , , , |
| Riassunto: | Заглавие с титульного листа Электронная версия печатной публикации Исследован процесс электроискровой очистки поверхности стали 08Г2С. Показано, что в результате обработки окисный слой удаляется и уменьшается контактное сопротивление. Интенсивность кратерообразования, влияющая на величину шероховатости, зависит, главным образом, от степени перегрева металла в результате увеличения плотности кратеров. При многопроходной обработке поверхности происходит ее растрескивание. На основании полученных результатов определены наиболее рациональные параметры режима. |
| Lingua: | russo |
| Pubblicazione: |
2012
|
| Serie: | Математика и механика. Физика |
| Soggetti: | |
| Accesso online: | http://earchive.tpu.ru/bitstream/11683/4125/1/bulletin_tpu-2012-320-2-15.pdf |
| Natura: | MixedMaterials Elettronico Capitolo di libro |
| KOHA link: | https://koha.lib.tpu.ru/cgi-bin/koha/opac-detail.pl?biblionumber=213896 |
MARC
| LEADER | 00000naa2a2200000 4500 | ||
|---|---|---|---|
| 001 | 213896 | ||
| 005 | 20251205135539.0 | ||
| 035 | |a (RuTPU)RU\TPU\book\233734 | ||
| 035 | |a RU\TPU\book\233730 | ||
| 090 | |a 213896 | ||
| 100 | |a 20120418d2012 k y0rusy50 ca | ||
| 101 | 0 | |a rus | |
| 102 | |a RU | ||
| 135 | |a drnn ---uucaa | ||
| 181 | 0 | |a i | |
| 182 | 0 | |a b | |
| 200 | 1 | |a Электроискровая очистка поверхности стали 08Г2С |f Ю. П. Егоров [и др.] | |
| 203 | |a Текст |c электронный | ||
| 215 | |a 1 файл (1 Мб) | ||
| 225 | 1 | |a Математика и механика. Физика | |
| 300 | |a Заглавие с титульного листа | ||
| 300 | |a Электронная версия печатной публикации | ||
| 320 | |a [Библиогр.: с. 67 (17 назв.)] | ||
| 330 | |a Исследован процесс электроискровой очистки поверхности стали 08Г2С. Показано, что в результате обработки окисный слой удаляется и уменьшается контактное сопротивление. Интенсивность кратерообразования, влияющая на величину шероховатости, зависит, главным образом, от степени перегрева металла в результате увеличения плотности кратеров. При многопроходной обработке поверхности происходит ее растрескивание. На основании полученных результатов определены наиболее рациональные параметры режима. | ||
| 337 | |a Adobe Reader | ||
| 461 | 1 | |0 (RuTPU)RU\TPU\book\176237 |t Известия Томского политехнического университета [Известия ТПУ] |f Томский политехнический университет (ТПУ) |d 2000- | |
| 463 | 1 | |0 (RuTPU)RU\TPU\book\233487 |x 1684-8519 |t Т. 320, № 2 : Математика и механика. Физика |v [С. 63-67] |d 2012 | |
| 610 | 1 | |a электроискровая обработка | |
| 610 | 1 | |a поверхности | |
| 610 | 1 | |a свойства | |
| 610 | 1 | |a контактное сопротивление | |
| 610 | 1 | |a сталь | |
| 610 | 1 | |a шероховатость | |
| 610 | 1 | |a труды учёных ТПУ | |
| 610 | 1 | |a электронный ресурс | |
| 701 | 1 | |a Егоров |b Ю. П. |c специалист в области машиностроения |c заведующий лабораторией Томского политехнического университета, кандидат технических наук |f 1948- |g Юрий Петрович |3 (RuTPU)RU\TPU\pers\26535 |9 12229 | |
| 701 | 1 | |a Журавлёв (Журавлев) |b М. В. |c физик |c научный сотрудник Томского политехнического университета, кандидат технических наук |f 1986- |g Михаил Валерьевич |y Томск |3 (RuTPU)RU\TPU\pers\29441 |9 13994 | |
| 701 | 1 | |a Ремнёв (Ремнев) |b Г. Е. |c физик |c профессор Томского политехнического университета, доктор технических наук |f 1948- |g Геннадий Ефимович |3 (RuTPU)RU\TPU\pers\22004 |9 9301 | |
| 701 | 1 | |a Слободян |b М. С. |c специалист в области менеджмента, специалист в области сварочного производства |c доцент Томского политехнического университета, кандидат технических наук |f 1978- |g Михаил Степанович |3 (RuTPU)RU\TPU\pers\25828 |9 11701 | |
| 701 | 1 | |a Стрелкова |b И. Л. |c специалист в области материаловедения |c доцент Томского политехнического университета, кандидат технических наук |f 1976- |g Ирина Леонидовна |3 (RuTPU)RU\TPU\pers\28240 |9 13193 | |
| 701 | 1 | |a Шубин |b Б. Г. |c физик |c старший научный сотрудник Томского технологического института |f 1944- |g Борис Григорьевич |3 (RuTPU)RU\TPU\pers\29430 |9 13983 | |
| 801 | 1 | |a RU |b 63413507 |c 20090623 |g PSBO | |
| 801 | 2 | |a RU |b 63413507 |c 20211229 |g PSBO | |
| 856 | 4 | |u http://earchive.tpu.ru/bitstream/11683/4125/1/bulletin_tpu-2012-320-2-15.pdf |z http://earchive.tpu.ru/bitstream/11683/4125/1/bulletin_tpu-2012-320-2-15.pdf | |
| 942 | |c CF | ||